[Event "V Festival A"]
[Site "Nereto ITA"]
[Date "2000.08.15"]
[Round "5"]
[White "Foisor, Ovidiu-Doru"]
[Black "Ortega, Lexy"]
[Result "0-1"]
[WhiteElo "2404"]
[BlackElo "2491"]
[PlyCount "84"]
[EventDate "2000.08.11"]

1. c4 c6 2. Nf3 d5 3. e3 Nf6 4. Nc3 e6 5. d4 Nbd7 6. Qc2 Bd6 7. Be2 O-O 8. b3
Re8 9. O-O b6 10. Bb2 Bb7 11. Rfd1 Qe7 12. e4 Nxe4 13. Nxe4 dxe4 14. Qxe4 Rad8
15. Ne5 f5 16. Qf3 Bxe5 17. dxe5 Nf8 18. Qc3 c5 19. Rd6 Rxd6 20. exd6 Qg5 21.
g3 e5 22. Rd1 Nd7 23. Bf3 e4 24. h4 Qh6 25. Bg2 Rf8 26. Bc1 Qh5 27. Re1 h6 28.
Bh3 Bc6 29. Bb2 Rf7 30. Kh2 Kh7 31. Qd2 Nf8 32. Rg1 Ne6 33. Qd1 Qg6 34. Be5 Nf8
35. Qd2 Qe6 36. Bc3 Ng6 37. Rd1 Ne5 38. Bg2 e3 39. fxe3 Ng4+ 40. Kg1 Bxg2 41.
Qxg2 Qxe3+ 42. Kh1 Nf2+ 0-1

[Event "V Festival A"]
[Site "Nereto ITA"]
[Date "2000.08.15"]
[Round "5"]
[White "Moyse, Nigel John"]
[Black "Buchicchio, Giampaolo"]
[Result "1-0"]
[WhiteElo "2155"]
[BlackElo "1918"]
[PlyCount "139"]
[EventDate "2000.08.11"]

1. d4 d5 2. c4 c6 3. cxd5 cxd5 4. Nc3 Nf6 5. Nf3 Nc6 6. Bf4 a6 7. e3 h6 8. Rc1
g5 9. Be5 Bg7 10. Bd3 O-O 11. Bb1 Ne8 12. h3 Be6 13. O-O f6 14. Bh2 Nd6 15.
Bxd6 Qxd6 16. e4 Rad8 17. Re1 f5 18. e5 Qc7 19. Na4 Bc8 20. e6 Rd6 21. g4 Bxe6
22. Rxe6 Rxe6 23. Nc5 Ref6 24. gxf5 Qf4 25. Rc3 g4 26. hxg4 Qxg4+ 27. Kf1 Nxd4
28. Qxd4 Qh3+ 29. Ke2 Rxf5 30. Bxf5 Rxf5 31. Qh4 Re5+ 32. Kd2 Qxh4 33. Nxh4 Rh5
34. Rh3 Kh7 35. Nd7 Bxb2 36. Nf8+ Kg8 37. Nfg6 Bf6 38. Rg3 Kf7 39. Rg4 e5 40.
Rb4 b5 41. a4 bxa4 42. Rxa4 d4 43. Nxe5+ Rxe5 44. Nf3 Re6 45. Kd3 Rd6 46. Nd2
Rc6 47. Ne4 Be5 48. Ra5 Ke6 49. Nc5+ Kf5 50. Nd7 Re6 51. Nc5 Rd6 52. Nxa6 h5
53. Nc5 h4 54. Ke2 h3 55. Nd3 h2 56. Rxe5+ Kg4 57. f3+ Kh4 58. Re8 Rh6 59. Nf2
d3+ 60. Kxd3 Kg3 61. Ke2 Rg6 62. Rh8 Kg2 63. f4 Re6+ 64. Kd3 Re1 65. f5 Rf1 66.
Ke3 Re1+ 67. Kd4 Re2 68. Ne4 h1=Q 69. Rxh1 Kxh1 70. Ng3+ 1-0

[Event "V Festival A"]
[Site "Nereto ITA"]
[Date "2000.08.15"]
[Round "5"]
[White "Nannelli, Paolo"]
[Black "Sbraccia, Giovanni"]
[Result "1-0"]
[WhiteElo "2217"]
[BlackElo "2131"]
[PlyCount "79"]
[EventDate "2000.08.11"]

1. Nf3 Nf6 2. g3 d5 3. c4 c6 4. b3 Bf5 5. Bb2 e6 6. Bg2 Nbd7 7. O-O Bd6 8. d3
Qe7 9. a3 O-O 10. Nbd2 Rad8 11. b4 Rfe8 12. Qc2 Bb8 13. Rae1 e5 14. Nh4 Bg4 15.
h3 Be6 16. e3 Nf8 17. cxd5 cxd5 18. Nhf3 Bd7 19. Rc1 Bb5 20. a4 Bxd3 21. Qxd3
e4 22. Qb3 exf3 23. Nxf3 Ne4 24. Rcd1 Qd6 25. Nd4 Ng6 26. Nf5 Qd7 27. Nxg7 Be5
28. Nxe8 Qxe8 29. Bxe5 Nxe5 30. Rxd5 Nd2 31. Rxd8 Qxd8 32. Rd1 Nxb3 33. Rxd8+
Kg7 34. Bxb7 Nc1 35. Be4 Ne2+ 36. Kf1 Nc3 37. Bc2 Nf3 38. Rd7 Ne5 39. Rxa7 Nc4
40. Ke1 1-0

[Event "V Festival A"]
[Site "Nereto ITA"]
[Date "2000.08.15"]
[Round "5"]
[White "Radice, Luca"]
[Black "Tribuiani, Renato"]
[Result "1-0"]
[WhiteElo "2012"]
[BlackElo "2146"]
[PlyCount "54"]
[EventDate "2000.08.11"]

1. d4 d5 2. Nf3 e6 3. Bf4 Bd6 4. e3 Bxf4 5. exf4 Qf6 6. g3 b6 7. c3 Ne7 8. Bd3
O-O 9. Ne5 g6 10. Nd2 c5 11. Ndf3 Rd8 12. Ng5 Rf8 13. h4 h6 14. h5 hxg5 15.
hxg6 fxg6 16. Ng4 Qh8 17. Rxh8+ Kxh8 18. fxg5 Kg7 19. Qe2 Nbc6 20. dxc5 bxc5
21. O-O-O c4 22. Bc2 Rh8 23. Qf3 Nf5 24. Qf4 a5 25. Bxf5 e5 26. Nxe5 Bxf5 27.
Nxc6 Rae8 1-0

[Event "V Festival A"]
[Site "Nereto ITA"]
[Date "2000.08.15"]
[Round "5"]
[White "Sax, Gyula"]
[Black "Foisor, Cristina-Adela"]
[Result "1/2-1/2"]
[WhiteElo "2563"]
[BlackElo "2386"]
[PlyCount "55"]
[EventDate "2000.08.11"]

1. e4 e6 2. Qe2 c5 3. f4 Nc6 4. Nf3 Nge7 5. d3 d6 6. g3 g6 7. c3 Bg7 8. Bg2 O-O
9. O-O h6 10. Be3 b6 11. d4 cxd4 12. cxd4 a5 13. Rc1 Ba6 14. Qd2 d5 15. exd5
exd5 16. Ne5 Na7 17. Nc3 Rc8 18. Bh3 Rc7 19. f5 g5 20. Qf2 f6 21. Ng6 Nxg6 22.
fxg6 Re7 23. Bf5 Rfe8 24. Re1 Nb5 25. Rac1 Bf8 26. Nxb5 Bxb5 27. Qf3 Kg7 28.
Kf2 1/2-1/2

[Event "V Festival A"]
[Site "Nereto ITA"]
[Date "2000.08.15"]
[Round "5"]
[White "Sibilio, Mario"]
[Black "Bocchicchio, Gaetano"]
[Result "0-1"]
[WhiteElo "2381"]
[BlackElo "2214"]
[PlyCount "68"]
[EventDate "2000.08.11"]

1. d4 d5 2. Nf3 Nf6 3. c4 Bf5 4. Nc3 e6 5. Bg5 c6 6. Qb3 Qb6 7. c5 Qxb3 8. axb3
Ne4 9. Bf4 Na6 10. Ra4 f6 11. e3 Naxc5 12. dxc5 Nxc5 13. Ra3 Ne4 14. Nxe4 dxe4
15. Nd4 Bb4+ 16. Ke2 O-O-O 17. Ra4 a5 18. Rxb4 axb4 19. Nxf5 exf5 20. f3 g5 21.
Bg3 Rd3 22. fxe4 fxe4 23. Kf2 Rxb3 24. Be2 Rxb2 25. Ra1 b5 26. Ra7 b3 27. Ra1
Rd8 28. Ke1 Rd5 29. Bd1 Rxg2 30. Kf1 Ra2 31. Rb1 b2 32. Ke2 Ra1 33. Bc2 Rxb1
34. Bxb1 Rc5 0-1

[Event "V Festival A"]
[Site "Nereto ITA"]
[Date "2000.08.15"]
[Round "5"]
[White "Tomba, Ivan"]
[Black "Suppa, Ercole"]
[Result "1/2-1/2"]
[WhiteElo "2022"]
[BlackElo "2123"]
[PlyCount "83"]
[EventDate "2000.08.11"]

1. e4 e6 2. d4 d5 3. e5 c5 4. c3 Nc6 5. Nf3 Qb6 6. a3 Nh6 7. b4 cxd4 8. Bxh6
gxh6 9. cxd4 Bd7 10. Nc3 Rc8 11. Na4 Qd8 12. Bd3 Bg7 13. Nc5 Qb6 14. O-O a5 15.
bxa5 Qxa5 16. Nxb7 Qa7 17. Nd6+ Ke7 18. Nxc8+ Rxc8 19. Bxh7 f5 20. Bg6 Na5 21.
Qd2 Kf8 22. Qb4+ Kg8 23. Rfb1 Bf8 24. Qb6 Rc1+ 25. Rxc1 Qxb6 26. Rab1 Qa7 27.
Rc3 Be7 28. g3 Bd8 29. Rbc1 Nc4 30. Rb3 Ba4 31. Rb4 Be7 32. Rbb1 Bxa3 33. Rc3
Qa5 34. Rxa3 Nxa3 35. Rb7 Bd1 36. Nh4 Qe1+ 37. Kg2 Qe4+ 38. Kg1 Qe1+ 39. Kg2
Qe4+ 40. Kg1 h5 41. Bf7+ Kf8 42. Bxe6 1/2-1/2

[Event "V Festival A"]
[Site "Nereto ITA"]
[Date "2000.08.15"]
[Round "5"]
[White "Turturici, Pellegrino"]
[Black "Buchicchio, Giancarlo"]
[Result "0-1"]
[WhiteElo "2012"]
[BlackElo "1837"]
[PlyCount "104"]
[EventDate "2000.08.11"]

1. c4 Nf6 2. Nc3 g6 3. Nf3 Bg7 4. g3 d6 5. Bg2 O-O 6. O-O c6 7. d4 Nbd7 8. Bg5
h6 9. Bxf6 Nxf6 10. Re1 Nh5 11. e3 e5 12. Qd2 f5 13. e4 f4 14. Ne2 Bg4 15. Rf1
g5 16. h3 Bxf3 17. Bxf3 Nf6 18. Rad1 h5 19. Bg2 Bh6 20. dxe5 dxe5 21. Qd6 Qe8
22. Rd3 Rf7 23. Rfd1 Bf8 24. Qd8 Rxd8 25. Rxd8 Qe7 26. h4 f3 27. Bxf3 g4 28.
Bg2 Qc5 29. Nc3 Qxc4 30. Bf1 Qb4 31. R1d2 Kg7 32. a3 Qa5 33. Bc4 Bxa3 34. Bxf7
Kxf7 35. Rb8 Bxb2 36. Rxb7+ Kg6 37. Rbxb2 Qxc3 38. Rdc2 Qf3 39. Rxc6 Qxe4 40.
Ra6 Qd4 41. Rba2 e4 42. Rxa7 e3 43. R7a6 Qd1+ 44. Kg2 e2 45. Ra1 e1=Q 46. Rxd1
Qxd1 47. Rb6 Kf5 48. Rb5+ Nd5 49. Rc5 Ke5 50. Ra5 Kd4 51. Ra3 Nc3 52. Ra7 Qf3+
0-1

[Event "V Festival A"]
[Site "Nereto ITA"]
[Date "2000.08.15"]
[Round "5"]
[White "Vezzosi, Paolo"]
[Black "Badea, Bela"]
[Result "0-1"]
[WhiteElo "2421"]
[BlackElo "2480"]
[PlyCount "96"]
[EventDate "2000.08.11"]

1. d4 g6 2. c4 Bg7 3. Nc3 d6 4. e4 Nd7 5. Be3 e5 6. Nge2 Nh6 7. f3 f5 8. Qd2
Nf7 9. exf5 gxf5 10. dxe5 dxe5 11. f4 O-O 12. O-O-O c6 13. fxe5 Ndxe5 14. Qxd8
Nxd8 15. Nd4 f4 16. Bf2 Ng4 17. Bg1 Ne3 18. Bxe3 fxe3 19. Be2 Ne6 20. Nxe6 Bxe6
21. Rhf1 Be5 22. h3 Rf2 23. Rxf2 exf2 24. Rf1 Rf8 25. Nd1 Bd4 26. Kd2 Bc5 27.
Bd3 b5 28. Kc3 Rf4 29. b3 bxc4 30. bxc4 a5 31. Kd2 Rxc4 32. Nxf2 Ra4 33. Bb1
Bxa2 34. Ne4 Bxb1 35. Nxc5 Ra2+ 36. Ke3 Bg6 37. Rf6 a4 38. Rxc6 a3 39. Rc8+ Kf7
40. Ne4 Rxg2 41. Ra8 a2 42. Kd4 Kg7 43. Ra5 Bf7 44. Nc3 Rg1 45. Nxa2 Ra1 46.
Ke4 Rxa2 47. Rg5+ Kh6 48. Rg3 Ra4+ 0-1

[Event "V Festival A"]
[Site "Nereto ITA"]
[Date "2000.08.16"]
[Round "6"]
[White "Artizzu, Giulio"]
[Black "Sibilio, Mario"]
[Result "0-1"]
[WhiteElo "2095"]
[BlackElo "2381"]
[PlyCount "50"]
[EventDate "2000.08.11"]

1. e4 c6 2. d4 d5 3. Nc3 dxe4 4. Nxe4 Nf6 5. Nxf6+ gxf6 6. Bc4 Nd7 7. Qh5 e6 8.
Ne2 Nb6 9. Bb3 Nd5 10. O-O f5 11. Bg5 Nf6 12. Bxf6 Qxf6 13. d5 cxd5 14. Ba4+
Ke7 15. Qf3 Qe5 16. Nf4 Qe4 17. Qa3+ Kd8 18. Qc3 Rg8 19. g3 Qxf4 20. Qf6+ Be7
21. Qxf7 Qg4 22. Qxh7 Qg6 23. Qh3 f4 24. c4 e5 25. Qg2 Qe4 0-1

[Event "V Festival A"]
[Site "Nereto ITA"]
[Date "2000.08.16"]
[Round "6"]
[White "Badea, Bela"]
[Black "Bocchicchio, Gaetano"]
[Result "1-0"]
[WhiteElo "2480"]
[BlackElo "2214"]
[PlyCount "61"]
[EventDate "2000.08.11"]

1. c4 a6 2. Nc3 c6 3. e4 b5 4. d4 d6 5. Nf3 g6 6. Be2 Bg7 7. O-O Nd7 8. a3 Nb6
9. cxb5 cxb5 10. Bg5 Bb7 11. Qb3 h6 12. Bh4 g5 13. Bg3 Nf6 14. e5 Ne4 15. Nxe4
Bxe4 16. h4 d5 17. hxg5 e6 18. gxh6 Rxh6 19. Qe3 Kd7 20. Nh2 Qh8 21. f3 Bf5 22.
b3 Rg8 23. Ng4 Bxg4 24. fxg4 f6 25. g5 Rh1+ 26. Kf2 Rxf1+ 27. Rxf1 fxe5 28. Ke1
e4 29. Qf4 e5 30. Qf7+ Kd8 31. Qb7 1-0

[Event "V Festival A"]
[Site "Nereto ITA"]
[Date "2000.08.16"]
[Round "6"]
[White "Barlocco, Carlo"]
[Black "Ferri, Stefano"]
[Result "1-0"]
[WhiteElo "2179"]
[BlackElo "2089"]
[PlyCount "43"]
[EventDate "2000.08.11"]

1. d4 Nf6 2. Nf3 e6 3. Bf4 b6 4. e3 Bb7 5. Bd3 Be7 6. h3 O-O 7. Nbd2 d6 8. a4
Nbd7 9. O-O Re8 10. e4 c5 11. c3 Bf8 12. e5 Nd5 13. Bxh7+ Kxh7 14. Ng5+ Kg8 15.
Qh5 N7f6 16. Qxf7+ Kh8 17. exf6 Nxf4 18. fxg7+ Bxg7 19. Qxf4 Qe7 20. Ndf3 Qf6
21. Qxf6 Bxf6 22. Nf7+ 1-0

[Event "V Festival A"]
[Site "Nereto ITA"]
[Date "2000.08.16"]
[Round "6"]
[White "Buchicchio, Giampaolo"]
[Black "Radice, Luca"]
[Result "1-0"]
[WhiteElo "1918"]
[BlackElo "2012"]
[PlyCount "75"]
[EventDate "2000.08.11"]

1. e4 e6 2. d4 d5 3. Nc3 Bb4 4. e5 c5 5. a3 Ba5 6. b4 cxd4 7. Nb5 Bc7 8. f4 Ne7
9. Nf3 Nbc6 10. Nfxd4 Nxd4 11. Nxd4 Bd7 12. Bb2 Ng6 13. g3 Nxf4 14. gxf4 Qh4+
15. Ke2 Qxf4 16. Nf3 Bb5+ 17. Kf2 Ba4 18. Bd4 Bd8 19. Bd3 Rc8 20. Ke2 f6 21.
Qd2 Qg4 22. Rhg1 Qh5 23. Raf1 O-O 24. Kd1 fxe5 25. Qg2 Bf6 26. Bc5 Rxc5 27.
bxc5 e4 28. Qg4 Qxg4 29. Rxg4 exd3 30. Rxa4 dxc2+ 31. Kxc2 Rc8 32. Rxa7 Rxc5+
33. Kd2 Rb5 34. Nd4 Rb2+ 35. Kc1 Rxh2 36. Rxb7 h5 37. Nxe6 Bb2+ 38. Rxb2 1-0

[Event "V Festival A"]
[Site "Nereto ITA"]
[Date "2000.08.16"]
[Round "6"]
[White "Buchicchio, Giancarlo"]
[Black "Tribuiani, Renato"]
[Result "0-1"]
[WhiteElo "1837"]
[BlackElo "2146"]
[PlyCount "80"]
[EventDate "2000.08.11"]

1. e4 Nc6 2. Nf3 f5 3. d3 e5 4. g3 Nf6 5. Bg2 fxe4 6. dxe4 Bc5 7. O-O d6 8. Bg5
h6 9. Bxf6 Qxf6 10. Nc3 Bg4 11. Nd5 Qf7 12. h3 Bh5 13. g4 Bg6 14. Nh4 O-O-O 15.
c3 Bh7 16. a4 a5 17. Nf5 g6 18. Nxh6 Qg7 19. g5 Bg8 20. Nxg8 Rdxg8 21. Qd2 Rh4
22. Bf3 Qd7 23. Bg2 Rgh8 24. Nf6 Qe7 25. Bf3 Nd8 26. Bg4+ Rxg4+ 27. hxg4 Ne6
28. Rab1 Nf4 29. b4 Ba7 30. Rb3 Rh3 31. Rfb1 Qd8 32. c4 Qh8 33. Nh5 gxh5 34.
Qxf4 exf4 35. Rxh3 h4 36. bxa5 Qd4 37. Rf3 Qxe4 38. Rbb3 Qe1+ 39. Kh2 Bxf2 40.
Rxf2 Qxf2+ 0-1

[Event "V Festival A"]
[Site "Nereto ITA"]
[Date "2000.08.16"]
[Round "6"]
[White "D'Innocente, Stefano"]
[Black "Suppa, Ercole"]
[Result "1/2-1/2"]
[WhiteElo "2025"]
[BlackElo "2123"]
[PlyCount "67"]
[EventDate "2000.08.11"]

1. d4 e6 2. c4 c5 3. d5 Nf6 4. Nc3 exd5 5. cxd5 d6 6. e4 g6 7. Be2 Bg7 8. Nf3
O-O 9. O-O Bg4 10. Nd2 Bxe2 11. Qxe2 Re8 12. Qd3 Na6 13. a3 Nc7 14. Nc4 b5 15.
Na5 c4 16. Qc2 Ng4 17. Nc6 Qf6 18. f4 Qh4 19. g3 Qh3 20. e5 dxe5 21. d6 Ne6 22.
Nxb5 c3 23. bxc3 a6 24. d7 Rf8 25. f5 gxf5 26. Nd6 f4 27. gxf4 exf4 28. Bxf4
Nxf4 29. Rxf4 Qe3+ 30. Rf2 Nxf2 31. Qxf2 Qxc3 32. Ne7+ Kh8 33. Rd1 Qb3 34.
Nxf7+ 1/2-1/2

[Event "V Festival A"]
[Site "Nereto ITA"]
[Date "2000.08.16"]
[Round "6"]
[White "Farago, Ivan"]
[Black "Sax, Gyula"]
[Result "1/2-1/2"]
[WhiteElo "2486"]
[BlackElo "2563"]
[PlyCount "26"]
[EventDate "2000.08.11"]

1. d4 Nf6 2. c4 e6 3. Nf3 b6 4. g3 Bb7 5. Bg2 Be7 6. O-O O-O 7. Nc3 Ne4 8. Nxe4
Bxe4 9. Nh4 Bxg2 10. Nxg2 d5 11. Qa4 Qe8 12. Qxe8 Rxe8 13. cxd5 exd5 1/2-1/2

[Event "V Festival A"]
[Site "Nereto ITA"]
[Date "2000.08.16"]
[Round "6"]
[White "Foisor, Cristina-Adela"]
[Black "Ortega, Lexy"]
[Result "1/2-1/2"]
[WhiteElo "2386"]
[BlackElo "2491"]
[PlyCount "97"]
[EventDate "2000.08.11"]

1. Nf3 d5 2. g3 Nf6 3. Bg2 c6 4. O-O Bf5 5. d3 h6 6. Nfd2 e6 7. e4 Bh7 8. Nc3
a5 9. Qe2 Be7 10. h3 Na6 11. a3 b5 12. Kh2 b4 13. axb4 axb4 14. Nd1 Nc5 15.
Rxa8 Qxa8 16. f4 O-O 17. e5 Nfd7 18. b3 Qa6 19. Bb2 Ra8 20. Ne3 Qb5 21. Ra1
Rxa1 22. Bxa1 Qa6 23. Qe1 Nxd3 24. cxd3 Bxd3 25. Bb2 Bc5 26. Nef1 Ba7 27. Nf3
c5 28. N1d2 Qa2 29. Qa1 Qxa1 30. Bxa1 c4 31. bxc4 dxc4 32. Ne1 Be2 33. Ne4 Nc5
34. Nxc5 Bxc5 35. Be4 Bf2 36. Nf3 c3 37. Kg2 Be3 38. Ne1 g5 39. f5 exf5 40.
Bxf5 Kf8 41. e6 f6 42. Nd3 c2 43. Bb2 Bxd3 44. Bxd3 c1=Q 45. Bxc1 Bxc1 46. g4
b3 47. Kf3 Ke7 48. Ke4 b2 49. Kd5 1/2-1/2

[Event "V Festival A"]
[Site "Nereto ITA"]
[Date "2000.08.16"]
[Round "6"]
[White "Foisor, Ovidiu-Doru"]
[Black "Drabke, Lorenz Maximilian"]
[Result "1-0"]
[WhiteElo "2404"]
[BlackElo "2144"]
[PlyCount "75"]
[EventDate "2000.08.11"]

1. c4 c5 2. g3 Nf6 3. Bg2 d5 4. cxd5 Nxd5 5. Nc3 Nc7 6. Nf3 Nc6 7. b3 g6 8. Bb2
Bg7 9. Na4 Bxb2 10. Nxb2 O-O 11. Qc1 Ne6 12. h4 h5 13. e3 Bd7 14. O-O Rc8 15.
Nc4 Ng7 16. Qb2 Nf5 17. Rfd1 Be6 18. Nfe5 Nxe5 19. Nxe5 Qb6 20. d3 Rfd8 21.
Rac1 Qa6 22. Rc3 Qd6 23. Nf3 b6 24. Rdc1 Bd7 25. a3 a5 26. Nd2 Bb5 27. d4 Bc6
28. dxc5 bxc5 29. Rxc5 Qxd2 30. Qxd2 Rxd2 31. Rxc6 Rxc6 32. Bxc6 Ra2 33. a4 Rb2
34. Rc5 Rxb3 35. Rxa5 Nd6 36. Ra8+ Kg7 37. a5 Ra3 38. a6 1-0

[Event "V Festival A"]
[Site "Nereto ITA"]
[Date "2000.08.16"]
[Round "6"]
[White "Nannelli, Paolo"]
[Black "Corvi, Marco"]
[Result "0-1"]
[WhiteElo "2217"]
[BlackElo "2319"]
[PlyCount "66"]
[EventDate "2000.08.11"]

1. c4 f5 2. g3 Nf6 3. Bg2 d6 4. Nc3 g6 5. d3 Bg7 6. e4 e5 7. Nge2 O-O 8. exf5
gxf5 9. O-O c6 10. d4 Be6 11. b3 Bf7 12. Ba3 Re8 13. dxe5 dxe5 14. Qxd8 Rxd8
15. Rad1 Nbd7 16. Bh3 Bg6 17. Bd6 Re8 18. Rfe1 Ng4 19. Ba3 Rad8 20. Bc1 Nc5 21.
Bg5 Nd3 22. Rf1 Bf6 23. Bxf6 Nxf6 24. f3 f4 25. Nc1 Nxc1 26. Rxc1 fxg3 27. hxg3
Nh5 28. Bg4 Nxg3 29. Rf2 Kh8 30. Kg2 Nf5 31. Re1 Rd3 32. Ne4 Ne3+ 33. Kg3 Bxe4
0-1

[Event "V Festival A"]
[Site "Nereto ITA"]
[Date "2000.08.16"]
[Round "6"]
[White "Sbraccia, Giovanni"]
[Black "Turturici, Pellegrino"]
[Result "1-0"]
[WhiteElo "2131"]
[BlackElo "2012"]
[PlyCount "75"]
[EventDate "2000.08.11"]

1. Nf3 d5 2. g3 Nf6 3. Bg2 g6 4. d3 Bg7 5. O-O O-O 6. Nbd2 c5 7. e4 Bg4 8. h3
Bxf3 9. Bxf3 e6 10. Qe2 Nc6 11. c3 Re8 12. Nb3 Qb6 13. Bg2 a5 14. Rb1 a4 15.
Nd2 Qc7 16. Nf3 b5 17. e5 Nd7 18. d4 Reb8 19. Bf4 Na5 20. h4 b4 21. Ng5 bxc3
22. bxc3 Nc4 23. Nxf7 Kxf7 24. Bxd5 Ncb6 25. Bxe6+ Kxe6 26. Qg4+ Ke7 27. e6 Ne5
28. dxe5 Nd5 29. Rbd1 Qc6 30. Bg5+ Ke8 31. Qf3 Qxe6 32. Rxd5 Ra6 33. Rfd1 Raa8
34. Rd7 Bf8 35. Rxh7 Ra6 36. Qd3 Raa8 37. Bf6 Qf5 38. Qd5 1-0

[Event "V Festival A"]
[Site "Nereto ITA"]
[Date "2000.08.16"]
[Round "6"]
[White "Scalcione, Michelangelo"]
[Black "Vezzosi, Paolo"]
[Result "0-1"]
[WhiteElo "2239"]
[BlackElo "2421"]
[PlyCount "56"]
[EventDate "2000.08.11"]

1. Nf3 Nf6 2. c4 b6 3. g3 Bb7 4. Bg2 c5 5. O-O g6 6. Nc3 Bg7 7. Re1 O-O 8. e4
d6 9. d4 cxd4 10. Nxd4 Qd7 11. f4 Rd8 12. Be3 Ng4 13. Bc1 Nc6 14. Nxc6 Bxc6 15.
Bf3 h5 16. h3 Bxc3 17. bxc3 Nf6 18. Kg2 Qe6 19. Qe2 Rac8 20. g4 Ba8 21. gxh5
Rxc4 22. hxg6 Bxe4 23. gxf7+ Kxf7 24. Kh2 Rh8 25. Bg2 Rxc3 26. Bb2 Rcxh3+ 27.
Kg1 Rg8 28. Bxf6 Rh1+ 0-1

[Event "V Festival A"]
[Site "Nereto ITA"]
[Date "2000.08.16"]
[Round "6"]
[White "Tocchioni, Doriano"]
[Black "Moyse, Nigel John"]
[Result "1-0"]
[WhiteElo "2250"]
[BlackElo "2155"]
[PlyCount "119"]
[EventDate "2000.08.11"]

1. d4 Nf6 2. Bg5 d5 3. Nd2 Bf5 4. Bxf6 exf6 5. e3 c5 6. dxc5 Bxc5 7. Nb3 Bd6 8.
Bd3 Be6 9. Qh5 Nc6 10. Nf3 g6 11. Qh6 Bf8 12. Qh4 Bg7 13. Nfd4 O-O 14. O-O Ne5
15. f4 Nxd3 16. cxd3 f5 17. Qf2 Rc8 18. Rfc1 Qb6 19. h3 Bd7 20. Qf3 Bb5 21.
Nxb5 Qxb5 22. d4 Rc4 23. Rf1 Re8 24. Rf2 Rec8 25. g4 fxg4 26. hxg4 Rc2 27. Raf1
Rxf2 28. Rxf2 h6 29. g5 Qd7 30. f5 Qxf5 31. Qxf5 gxf5 32. Rxf5 Rc2 33. Rxd5
Rxb2 34. Rd8+ Bf8 35. d5 Rxa2 36. Nd4 Kg7 37. Kf1 Bc5 38. Nf5+ Kg6 39. e4 Kxg5
40. d6 Kf4 41. Rf8 Rd2 42. Rxf7 Kxe4 43. d7 Ke5 44. Ng7 a5 45. Rf5+ Ke4 46. Rf7
a4 47. Ne6 Bb4 48. d8=Q Rxd8 49. Nxd8 a3 50. Rf2 Kd5 51. Rc2 Bc5 52. Ke2 b5 53.
Ne6 Bd6 54. Nc7+ Bxc7 55. Rxc7 b4 56. Kd3 a2 57. Ra7 b3 58. Kc3 h5 59. Kb2 Kc4
60. Ra5 1-0

[Event "V Festival A"]
[Site "Nereto ITA"]
[Date "2000.08.16"]
[Round "6"]
[White "Tomba, Ivan"]
[Black "Farina, Saverio"]
[Result "1/2-1/2"]
[WhiteElo "2022"]
[BlackElo "2153"]
[PlyCount "99"]
[EventDate "2000.08.11"]

1. e4 e6 2. d4 d5 3. e5 c5 4. c3 Qb6 5. Nf3 Nc6 6. a3 c4 7. g3 f6 8. exf6 Nxf6
9. Bg2 e5 10. Nxe5 Nxe5 11. Qe2 Bg4 12. f3 O-O-O 13. dxe5 Bf5 14. Be3 Bc5 15.
Bxc5 Qxc5 16. Qf2 d4 17. O-O Qxe5 18. Re1 Qd5 19. cxd4 Qxd4 20. Nc3 Qxf2+ 21.
Kxf2 Rd2+ 22. Re2 Rxe2+ 23. Kxe2 Re8+ 24. Kf2 Rd8 25. Rd1 Rxd1 26. Nxd1 Kc7 27.
Ke3 b5 28. Kd4 Kd6 29. Ne3 Bd7 30. f4 Ng4 31. Nxg4 Bxg4 32. Bb7 Bd1 33. h3 h6
34. Bc8 a5 35. Ba6 Kc6 36. f5 Bc2 37. g4 Bd1 38. Bc8 Kd6 39. Ba6 Kc6 40. Bc8
Kd6 41. Bb7 Be2 42. Ba6 Bf1 43. h4 Kc6 44. g5 hxg5 45. hxg5 Kd6 46. Bxb5 c3 47.
Ba4 cxb2 48. Bc2 Bh3 49. Bb1 Bg4 50. f6 1/2-1/2

[Event "V Festival A"]
[Site "Nereto ITA"]
[Date "2000.08.17"]
[Round "7"]
[White "Bocchicchio, Gaetano"]
[Black "D'Innocente, Stefano"]
[Result "0-1"]
[WhiteElo "2214"]
[BlackElo "2025"]
[PlyCount "56"]
[EventDate "2000.08.11"]

1. d4 Nf6 2. Bg5 e6 3. Nc3 d5 4. e4 Be7 5. Bxf6 Bxf6 6. Nf3 O-O 7. Bd3 c5 8. e5
Be7 9. h4 f5 10. exf6 Rxf6 11. Ng5 Rh6 12. Bxh7+ Rxh7 13. Nxh7 Kxh7 14. Qh5+
Kg8 15. O-O-O Qf8 16. Rd3 Qf7 17. Qg4 Nc6 18. Rf3 Bf6 19. Ne2 cxd4 20. h5 Ne5
21. Qg3 Nxf3 22. gxf3 e5 23. h6 g6 24. f4 Bf5 25. fxe5 Qc7 26. Nxd4 Bxe5 27.
Qb3 Bxd4 28. Qxd5+ Kh7 0-1

[Event "V Festival A"]
[Site "Nereto ITA"]
[Date "2000.08.17"]
[Round "7"]
[White "Buchicchio, Giancarlo"]
[Black "Nannelli, Paolo"]
[Result "0-1"]
[WhiteElo "1837"]
[BlackElo "2217"]
[PlyCount "70"]
[EventDate "2000.08.11"]

1. e4 g6 2. d4 d6 3. Nc3 c6 4. Be3 Bg7 5. f3 Nd7 6. Qd2 b5 7. a3 a6 8. O-O-O a5
9. d5 b4 10. dxc6 bxc3 11. cxd7+ Qxd7 12. Qd5 cxb2+ 13. Kb1 Bb7 14. Bb5 Bxd5
15. Bxd7+ Kxd7 16. exd5 Nf6 17. Bd4 Rab8 18. Ne2 Rhc8 19. Rd3 Nh5 20. Bxg7 Nxg7
21. Rb3 Ne8 22. Kxb2 Nf6 23. Nc3 Kd8 24. Rd1 Nd7 25. Ne4 h6 26. g4 Ne5 27. Nd2
g5 28. c4 a4 29. Rxb8 Rxb8+ 30. Kc3 Nxf3 31. Rb1 Rxb1 32. Nxb1 Nxh2 33. Kb4
Nxg4 34. Nd2 Ne5 35. Kxa4 g4 0-1

[Event "V Festival A"]
[Site "Nereto ITA"]
[Date "2000.08.17"]
[Round "7"]
[White "Corvi, Marco"]
[Black "Barlocco, Carlo"]
[Result "1/2-1/2"]
[WhiteElo "2319"]
[BlackElo "2179"]
[PlyCount "136"]
[EventDate "2000.08.11"]

1. c4 Nf6 2. Nf3 c6 3. b3 d5 4. Bb2 Bf5 5. g3 Nbd7 6. Bg2 e6 7. d3 h6 8. O-O
Be7 9. Nbd2 O-O 10. Re1 a5 11. cxd5 exd5 12. e4 dxe4 13. dxe4 Bh7 14. e5 Nd5
15. Ne4 Bxe4 16. Rxe4 Nc5 17. Rd4 Qb6 18. Nh4 Bxh4 19. gxh4 Ne6 20. Bxd5 cxd5
21. Rxd5 Nf4 22. Rd6 Nh3+ 23. Kg2 Qxf2+ 24. Kxh3 Qxb2 25. Qd4 Qe2 26. Rg1 Qf3+
27. Rg3 Qf5+ 28. Qg4 Qxe5 29. Rxh6 Ra6 30. Rxa6 bxa6 31. Qg5 Re8 32. Qxe5 Rxe5
33. Rg5 Rb5 34. Kg3 f6 35. Rg4 Rb4 36. Rc4 Kf7 37. h5 Rb5 38. Rc7+ Kg8 39. Kh4
a4 40. h6 gxh6 41. bxa4 Ra5 42. Ra7 Kf8 43. Kg4 Rg5+ 44. Kf4 Ra5 45. Kg4 h5+
46. Kh4 Kg8 47. h3 Kf8 48. Rh7 Rxa4+ 49. Kxh5 Rxa2 50. Kg6 a5 51. Kxf6 Rf2+ 52.
Kg5 Rg2+ 53. Kh5 a4 54. Ra7 Ra2 55. h4 a3 56. Kh6 Ra1 57. h5 a2 58. Ra8+ Kf7
59. Ra3 Kg8 60. Rg3+ Kf8 61. Rg2 Kf7 62. Rh2 Kg8 63. Rf2 Rb1 64. Rg2+ Kh8 65.
Rxa2 Rb6+ 66. Kg5 Rb5+ 67. Kg6 Rb6+ 68. Kf7 Kh7 1/2-1/2

[Event "V Festival A"]
[Site "Nereto ITA"]
[Date "2000.08.17"]
[Round "7"]
[White "Drabke, Lorenz Maximilian"]
[Black "Tomba, Ivan"]
[Result "1/2-1/2"]
[WhiteElo "2144"]
[BlackElo "2022"]
[PlyCount "48"]
[EventDate "2000.08.11"]

1. e4 c5 2. Nc3 e6 3. Nf3 d6 4. d4 cxd4 5. Nxd4 a6 6. Bd3 Nf6 7. O-O Be7 8. Kh1
Qc7 9. f4 O-O 10. Nf3 Nc6 11. a3 b5 12. Qe1 e5 13. Nd5 Nxd5 14. exd5 Nd4 15.
Nxd4 exd4 16. Qe4 f5 17. Qxd4 Bb7 18. c3 Bf6 19. Qe3 g6 20. a4 Bxd5 21. axb5
Qb7 22. Qg3 axb5 23. Rxa8 Rxa8 24. Re1 Kf7 1/2-1/2

[Event "V Festival A"]
[Site "Nereto ITA"]
[Date "2000.08.17"]
[Round "7"]
[White "Farina, Saverio"]
[Black "Tocchioni, Doriano"]
[Result "1-0"]
[WhiteElo "2153"]
[BlackElo "2250"]
[PlyCount "72"]
[EventDate "2000.08.11"]

1. c4 c5 2. Nf3 Nf6 3. Nc3 Nc6 4. e3 g6 5. d4 Bg7 6. Be2 d6 7. O-O O-O 8. b3 a6
9. Bb2 Bf5 10. Qd2 b6 11. Rfd1 Ra7 12. h3 Qa8 13. g4 Bc8 14. d5 Ne5 15. Nxe5
dxe5 16. Bf3 Qb8 17. a4 Ne8 18. Ne4 a5 19. Kh1 Nd6 20. Bc3 Nxe4 21. Bxe4 f5 22.
gxf5 Bxf5 23. Bg2 Qd6 24. Qb2 Bf6 25. e4 Bc8 26. f4 exf4 27. e5 Qd8 28. exf6
exf6 29. Qf2 Qd6 30. Re1 g5 31. Re2 Kg7 32. Rae1 Rff7 33. Qf3 Bf5 34. Qh5 h6
35. Be4 Bxe4+ 36. Rxe4 Rae7 1-0